000 01204cam a2200337 a 4500
999 _c1710
_d1710
001 1710
003 BD-JhCC
005 20171023183530.0
008 030513s2003 njua a 001 0 eng
020 _a0471216003 (cloth)
035 _a(BD-JhCC)1710
040 _aDLC
_cDLC
_dDLC
041 _aeng
050 0 0 _aHG4028.V3
_bS828 2003
082 0 0 _a338.6/041/092
_aB
_221
_bSTE 2003
100 1 _aStern, Joel M.
245 1 0 _aAgainst the grain :
_bhow to succeed in business by peddling heresy /
_cJoel M. Stern with Irwin Ross.
260 _aHoboken, N.J. :
_bJ. Wiley,
_cc2003.
300 _axiii, 221 p. :
_bill. ;
_c24 cm.
500 _aIncludes index.
650 0 _aEconomic value added.
650 0 _aCorporations
_xValuation.
650 0 _aCapital investments
_xDecision making.
650 0 _aManagerial economics.
700 1 _aRoss, Irwin,
_d1919-
856 4 2 _3Contributor biographical information
_uhttp://www.loc.gov/catdir/bios/wiley043/2003010884.html
856 4 2 _3Publisher description
_uhttp://www.loc.gov/catdir/description/wiley036/2003010884.html
856 4 1 _3Table of contents
_uhttp://www.loc.gov/catdir/toc/wiley031/2003010884.html
942 _2ddc
_cBK